| 000 | 00799cac a22002291u 4500 | ||
|---|---|---|---|
| 008 | 081214t2014 nju|||||r|||| 00| 0 eng d | ||
| 020 | _a0273787101 | ||
| 020 | _a9780273787105 | ||
| 082 | 0 | 0 |
_a004.21 _bKEN _222 |
| 100 |
_aKendall, Kenneth E., _918053 |
||
| 245 | 1 | 0 |
_aSystems analysis and design / _cKenneth E. Kendall, Julie E. Kendall. |
| 250 | _a9th ed. | ||
| 260 |
_aUpper Saddle River, NJ : _bPearson/Prentice Hall, _cc2014. |
||
| 300 |
_a546 p. : _bcol. ill. ; _c28 cm. |
||
| 504 | _aIncludes bibliographical references and index. | ||
| 650 | 0 |
_aSystem design. _918054 |
|
| 650 | 0 |
_aSystem analysis. _918055 |
|
| 650 | 0 |
_aSystems programming (Computer science) _918056 |
|
| 653 |
_bCS _cNovember2013 |
||
| 700 | 1 |
_aKendall, Julie E., _d1952- _918057 |
|
| 942 |
_cBB _k004.21 KEN _2ddc |
||
| 999 |
_c17756 _d17728 |
||